000 00325 a2200157 4500
001 44637
020 _a8585923121
040 _cAnchieta - Aquarius
100 _aGouveia, Luis Augusto
240 1 0 _aLucas
_lpor
245 1 0 _aLucas
300 _a32
362 0 _a2001
650 4 _aLiteratura infanto-juvenil
942 _cBK
999 _c44637
_d44637